Audit na obzoru. Potřebujeme věrohodný a správny obraz hospodaření.

Doteraz nebolo takmer možné z uvádzaných ukazovateľov zistiť faktický a porovnateľný stav hospodárenia čs. podnikov so svetom. Príspevok zhŕňa hlavné poznatky o tom, akým spôsobom sa naplňujú a vytvárajú podmienky pre činnosť auditorov.

Salvato in:
Dettagli Bibliografici
Natura: Capitolo di libro
Lingua:ceco
Soggetti:
Tags: Aggiungi Tag
Nessun Tag, puoi essere il primo ad aggiungerne!!

MARC

LEADER 00000naa a2200000 4500
001 r006801
005 20221125075614.1
041 0 |a cze 
044 |a [CS] 
245 1 0 |a Audit na obzoru.  |b Potřebujeme věrohodný a správny obraz hospodaření. 
520 |a Doteraz nebolo takmer možné z uvádzaných ukazovateľov zistiť faktický a porovnateľný stav hospodárenia čs. podnikov so svetom. Príspevok zhŕňa hlavné poznatky o tom, akým spôsobom sa naplňujú a vytvárajú podmienky pre činnosť auditorov. 
610 2 0 |a audítori 
610 2 0 |a hospodárenie podnikové 
610 2 0 |a ČSFR